Siete teorías de la sociedad : Aristóteles, Hobbes, Smith, Marx, Durkheim, Weber, Schutz /

Texto sobre las diversas concepciones que se han planteado sobre la sociedad en diferentes épocas por siete teóricos señalados en el título. De cada pensador se interpreta los datos más relevantes de su doctrina con la finalidad de persuadir que un mismo objeto de estudio tiene diversos acercamiento...

ver descrição completa

Na minha lista:
Detalhes bibliográficos
Autor principal: Campbell, Tom (autor)
Formato: Livro
Idioma:espanhol
Publicado em: Madrid, España : Cátedra, 1988, c1981
Edição:2a edición
Colecção:(Teorema)
Assuntos:
Tags: Adicionar Tag
Sem tags, seja o primeiro a adicionar uma tag!

MARC

LEADER 00000nam^a2200000^a^4500
001 000027844
005 20250521000000.0
009 20260310084823.529
020 |a 84-376-0525-3 
037 |a Acervo ITESO - Biblioteca 
041 |a ESP 
082 |a 300. 1  |b CAM 
100 |a Campbell, Tom  |e (autor) 
240 1 1 |a [Siete teorías de la sociedad] 
245 1 0 |a Siete teorías de la sociedad :  |b Aristóteles, Hobbes, Smith, Marx, Durkheim, Weber, Schutz /  |c T. Campbell ; tr. por Francisco Rodríguez Martín. 
250 |a 2a edición 
264 4 |a Madrid, España :  |b Cátedra,  |c 1988, c1981 
300 |a 275 p. 
336 |a texto  |b txt  |2 rdacontenido 
337 |a sin mediación  |b n  |2 rdamedio 
338 |a volumen  |b nc  |2 rdasoporte 
440 1 |a (Teorema) 
500 |a Traducción de: Seven Theories of Human Society 
520 |a Texto sobre las diversas concepciones que se han planteado sobre la sociedad en diferentes épocas por siete teóricos señalados en el título. De cada pensador se interpreta los datos más relevantes de su doctrina con la finalidad de persuadir que un mismo objeto de estudio tiene diversos acercamientos, incluso contradictorios. 
649 |a XX 
650 |a Sociedad -  |x Teoría -  |x Tema Principal 
650 |a Sociedad -  |x Filosofía 
650 |a Sociología -  |x Teoría 
650 |a Aristóteles 
650 |a Hobbes, Thomas 
650 |a Smith, Adam 
650 |a Marx, Karl 
650 |a Durkheim, Emile 
650 |a Weber, Max 
650 |a Schutz, Alfred 
910 |a Fondo General 
920 |a Impresos - Libros 
930 |a Colección General 
905 |a 101 
901 |a 0278440100  |b IT1  |c ACC  |i 027844  |u 20250521 
902 |a https://opac.biblio.iteso.mx/vufind/Record/000027844